Land zu Gebäude - Statistiken

Allgemein
  • Dieses Quiz wurde 468 mal gespielt
    455 seit der letzten Aktualisierung
  • Das Durchschnittsergebnis liegt bei 12 aus 15
Antwortstatistiken
Gebäude Land % Korrekt
Eiffelturm Frankreich
99%
Schloss Neuschwanstein Deutschland
98%
Kolosseum Italien
97%
Taj Mahal Indien
96%
Sagrada Familia Spanien
89%
Parthenon Griechenland
84%
Machu Picchu Peru
84%
Opera House Australien
83%
Willis Tower Vereinigte Staaten
81%
Kinkaku-ji (Goldener-Pavillon-Tempel) Japan
67%
Tempel von Abu Simbel Ägypten
62%
Mausoleum von Halikarnassos Türkei
60%
Hängende Gärten der Semiramis Irak
56%
Felsendom Israel
51%
Petra Jordanien
51%
Keine übereinstimmenden Quizze gefunden
Verteilung der Resultate
Anzahl Personen mit jedem Resultat
Perzentil nach korrekt beantworteten Fragen
Ihre Resultats-Entwicklung
Sie haben dieses Quiz seit der letzten Aktualisierung nicht gespielt